Città che Iniziano con E - Top 10 - Statistics

Statistiche generali
  • Questo quiz è stato fatto 18 volte
  • Il punteggio medio è 1 su 10
Statistiche sulle risposte
Stato Città Popolazione % Corretto
🇩🇪 Essen 593.085
50%
🇨🇦 Edmonton 712.391
38%
🇺🇸 El Paso 681.124
25%
🇮🇶 Erbil 932.800
13%
🇿🇦 East London 478.676
0%
🇳🇬 Ebute Ikorodu 535.619
0%
🇲🇽 Ecatepec de Morelos 1.655.015
0%
🇳🇬 Enugu 688.862
0%
🇹🇷 Esenler 520.235
0%
🇹🇷 Eskişehir 514.869
0%
Nessun quiz corrispondente trovato
Distribuzione punteggi
Percentuale di utenti per punteggio
Percentile per numero di risposta
I tuoi punteggi nel tempo
Non hai fatto questo quiz